|
|
|
|
| LEADER |
00000nam a2200000 a 4500 |
| 001 |
vtls001292071 |
| 003 |
SK-MaSNL |
| 005 |
20260331203426.0 |
| 008 |
160624s1875 xo 0 slo |
| 035 |
|
|
|a SNK000243768
|
| 040 |
|
|
|a SNK
|b slo
|c SNK
|e AACR2
|
| 041 |
0 |
|
|a slo
|
| 044 |
|
|
|a xo
|c SK
|
| 100 |
1 |
|
|a Bežo, Ján,
|d 1842-1905
|4 zos
|9 115367
|
| 245 |
1 |
|
|a Šlabikár a prvá čítanka pre školy evanjelické a.v.
|c sostavil Ján Bežo
|
| 260 |
|
|
|a Senica
|b K. Doríšek
|c 1875
|
| 300 |
|
|
|a 76 ss.
|c 8°
|
| 999 |
|
|
|c 801104
|d 803034
|
| 952 |
|
|
|a SNK
|b SNK
|y PREZ
|7 0
|p 17A0089774
|o snkSD 1404
|i snk3605/28
|0 0
|1 0
|4 0
|d 1997-06-25
|l 0
|r 2005-01-02 00:00:00
|w 2026-02-24
|